000 01320cam a22003617a 4500
003 CHAP
005 20220329135559.0
008 971013s1995 r 00010 d
010 _a38818
011 _a39790
035 _a43915
040 _cCHAP
090 _aTesis
100 0 0 _aRosales Mendoza, Laureano Refugio.
_999921
245 1 3 _aLa prevención y el combate de incendios forestales en el Distrito de Desarrollo Rural Integral 165, Huamantla, Tlaxcala
260 _aChapingo, Méx. :
_bEl autor,
_c1995
300 _a86 h
502 _aTesis (Ing. Agr. Esp. en Bosques) -- UACH. División de Ciencias Forestales
590 _aALEPH
_b10
_c20130110
_lUCH01
_h1305
590 _aBATCH-UPD
_b10
_c20130110
_lUCH01
_h0044
590 _aBATCH-UPD
_b10
_c20130110
_lUCH01
_h1327
590 _aBATCH-UPD
_b10
_c20130410
_lUCH01
_h0834
590 _aBATCH-UPD
_b10
_c20130914
_lUCH01
_h0712
590 _aCONVERSION
_b10
_c20130109
_lUCH01
_h1322
650 1 4 _aBosques
_xIncendios
_xControl.
_914218
650 1 4 _aBosques
_xIncendios
_xPrevención.
_914225
650 1 4 _aBosques
_zTlaxcala.
_914421
650 1 4 _aDistrito de Desarrollo Rural Integral Huamantla, Tlax.
_932794
901 _aBK
942 _cFOLL
949 _bBC
_cTES
_d-100498
_eTS1
_h27434
_i43915
_si
949 _bBC
_cTES
_d-100499
_eTS2
_fc.2
_h27435
_i43915
_si
999 _c38818
_d38818